00630cam a22002531 4500001001300000003000400013005001700017008004100034010001700075035002000092040001800112042001200130050001500142100002300157245003100180260001100211300001900222500001300241500003000254504003000284650002400314650002100338999001700359sa 66000236 DLC20260227112213.0890804s1962 pk b 000 0 urdr  asa 66000236  a(OCoLC)20127746 aDLCcWaUdDLC apremarc00aBL625b.D31 aDar, Bashir Ahmad.10aTārik̲h̲-i taṣavvuf. c[1962] a222 p.c23 cm. aIn Urdu. aText partially vocalized. aBibliography: p. 221-222. 0aMysticismxHistory. 0aSufismxHistory. c67141d67141